000 00831nam a2200217 a 4500
001 000019692
005 20200929170114.0
008 100702s1971 dr r 000 0 spa d
040 _aDO-SdBNP
_bspa
_cBNPHU
082 _a972.95
_bP977r, 1971
245 1 0 _aPuerto Rico y su historia /
_cselección e introducciones por Arturo Santana y Eugenio Fernández Méndez.
250 _a2a ed.
260 _aPuerto Rico :
_bEstado Libre Asociado de Puerto Rico,
_c1971.
300 _a2 v ;
_c24 cm.
504 _aIncluye referencias bibliográficas y notas al pie de las páginas.
505 1 _gv. 1.
_tLecturas escogidas --
_gv. 2.
_tEl ciclo de agresiones extranjeras y el contrabando.
650 4 _aPuerto rico
_xHistoria
_942137
700 1 _aSantana, Arturo,
_942138
700 1 _aFernández Méndez, Eugenio,
_916240
049 _aBNGR
999 _c19207
_d19207